000 00594cam a22002053a 4500
001 40894
003 PGUSA
005 20140828083921.0
008 120929s2012||||xxu|||||s|||||000 | eng d
040 _aPGUSA
_beng
042 _adc
100 1 _aBarrie, J. M.
_q(James Matthew),
_d1860-1937
245 1 0 _aNeither Dorking Nor The Abbey
_h[electronic resource] /
_cJ. M. Barrie
260 _bProject Gutenberg,
_c2012
506 _aPublic domain in the USA.
516 _aElectronic text
830 0 _aProject Gutenberg
_v40894
856 4 0 _uhttp://www.gutenberg.org/ebooks/40894
942 _cEB
999 _c270146
_d270146